|
|
|
|
| LEADER |
00000cam a2200000 7i4500 |
| 001 |
0000003796 |
| 005 |
20110701.0 |
| 020 |
0 |
0 |
|a 9832920000(v.1),9832920019(v.2),9832920027(v.3)
|
| 090 |
0 |
0 |
|a R 342.595070264
|b TSJ2003
|
| 100 |
0 |
0 |
|a Tuanku Sofiah Jewa
|
| 245 |
1 |
0 |
|a Malaysian election law: :
|b being commentary, cases and materilas on electio petitions, political party elections and related cases decided in Malaysia since pre-indepence
|c by Tunku Sofiah Jewa
|
| 260 |
0 |
0 |
|a Kuala Lumpur :
|b Pacifica Publications ,
|c 2003
|
| 300 |
|
|
|a 4v. (various pargings) ;
|c 25 cm.
|
| 650 |
0 |
0 |
|a Election law
|z Malaysia
|x Cases
|
| 650 |
0 |
0 |
|a Political parties
|x law and legislation
|z Malaysia
|
| 998 |
|
|
|a JPSM
|
| 999 |
|
|
|a 007644
|b Monograph
|c Open Shelf
|e Default branch
|
| 999 |
|
|
|a 007645
|b Monograph
|c Reference
|e Default branch
|
| 999 |
|
|
|a 007646
|b Monograph
|c Reference
|e Default branch
|